| 000 | 00720nas a2200241 4500 | ||
|---|---|---|---|
| 001 | BR0504796 | ||
| 003 | BR-BrBNA | ||
| 005 | 20231205105640.0 | ||
| 007 | ta | ||
| 008 | 230509b bl.|||p| |||| 00| 00por d | ||
| 040 |
_aBR-BrBNA _bpor _cBiblioteca Nacional de Agricultura |
||
| 041 | _a(Es) | ||
| 072 | _ak70 | ||
| 100 | 1 | _aNolasco, M.I.M. | |
| 100 | 1 | _aLeón, H. | |
| 245 | 1 | _aLos incendios forestales en el Perú: Grave Problema por resolver | |
| 650 | _aINCÊNDIO FLORESTAL | ||
| 650 | _aESTATÍSTICA | ||
| 650 | _aPOLÍTICA GOVERNAMENTAL | ||
| 773 | 0 |
_tFloresta (Brazil) _xISSN 0015-3826 _g(May-Aug 2004), v. 34(2) p. 179-186 _wBR0504796 |
|
| 909 |
_a202311 _bLúcia _c55 _dLúcia Elande |
||
| 942 |
_2AGRIS _n0 _cANA |
||
| 999 |
_c183950 _d183950 |
||